| 000 | 01311cam a22002651i 4500 | ||
|---|---|---|---|
| 003 | SA-RiAUC | ||
| 005 | 20250417072702.0 | ||
| 008 | 250413s2003 ts f f00010 ara c | ||
| 040 |
_aSA-JeALM _bara _cSA-RiAUC. _erda |
||
| 043 | _aa-ts--- | ||
| 082 | 0 | 4 |
_a345.5350268 _qSA-RiAUC |
| 090 |
_a345.5350268 _bج ا م |
||
| 110 | 2 |
_aجامعة الإمارات العربية المتحدة. _bكلية الشريعة والقانون _eمؤلف. |
|
| 245 | 1 | 2 |
_aالقانون والكمبيوتر والإنترنت / _cكلية الشريعة والقانون، جامعة الإمارات العربية المتحدة. |
| 250 | _aالطبعة الثالثة. | ||
| 264 | 1 |
_aالعين، الإمارت العربية المتحدة : _bجامعة الإمارات العربية المتحدة، _c2004 |
|
| 300 |
_aمجلد ؛ _c24 سم |
||
| 336 |
_aنص _btxt _2rdacontent _3كتاب |
||
| 337 |
_aبدون وسيط _bn _2rdamedia |
||
| 338 |
_aمجلد _bnc _2rdacarrier |
||
| 650 | 7 |
_aالحاسبات الإلكترونية _xقوانين وتشريعات _zالإمارات العربية المتحدة _2aucsh |
|
| 650 | 7 |
_aالإنترنت _xقوانين وتشريعات _zالإمارات العربية المتحدة _2aucsh |
|
| 942 |
_2ddc _cBOOK _n0 |
||
| 949 |
_aSA-JeALM _d250413 _umohamedma123 _n1 |
||
| 999 |
_c7020 _d7020 |
||